| 000 | 01050cam a2200253 a 4500 | ||
|---|---|---|---|
| 001 | 662 | ||
| 003 | BR-CuiBMT | ||
| 005 | 20231116005936.0 | ||
| 008 | 231113s 2021mgba 000 0 por d | ||
| 020 | _a9786555181340 | ||
| 040 |
_aBR-CuiBMT _cBR-CuiBMT |
||
| 080 |
_22007 _a343.91-053.6 |
||
| 090 |
_a343.91-053.6 _bV154s |
||
| 100 | 1 | _aValente, Ana Cláudia de Souza | |
| 245 | 1 | 2 |
_aO silêncio além das grades : _ba intersetorialidade punitiva nas práticas socioeducativas / _cAna Cláudia de souza Valente ; prefácio Selma Sauerbronn ; apresentação Antonio Henrique Graciano Suxberger. |
| 260 |
_aBelo Horizonte : _bFórum, _c2021. |
||
| 300 |
_a333 p. : _bil. ; _c21 cm |
||
| 504 | _aInclui bibliografia. | ||
| 650 |
_aSistema Nacional de Atendimento Socioeducativo _xDireitos da criança e do adolescente _zBrasil |
||
| 650 |
_aMenores _xEstatuto legal, leis, etc. _zBrasil |
||
| 650 |
_aEstatuto da criança e do adolescente (1990) _xDelinquência juvenil _zBrasil |
||
| 650 |
_aResponsabilidade penal _xMenores _zBrasil |
||
| 942 |
_2udc _cLV |
||
| 999 |
_c662 _d662 |
||